Name the Laufey song with the song title in the lyric - Statistics

General Stats
  • This quiz has been taken 9 times
  • The average score is 42 of 69
Answer Stats
Hint Answer % Correct
In our tiny apartment [Title] Above The Chinese Restaurant
86%
You [Title] Me Bewitched
86%
I'm breathing [Title] Clean Air
86%
Everybody's falling in love and I'm [Title] Falling Behind
86%
Confess I loved you [Title] From The Start
86%
I'm a [Title] on stage Goddess
86%
and more than wealth [Title] I Wish You Love
86%
what a curse it is to be a [Title] Lover Girl
86%
I want you like a mad [Title] Madwoman
86%
[Title] She could have anyone in the world Magnolia
86%
[Title] Allen Poe Mr. Eclectic
86%
For cold, bloody, bitter [Title] Sabotage
86%
[Title] slip a sable under the tree Santa Baby
86%
I've been having [Title] sleeping Trouble
86%
Hear my story, [Title] A Cautionary Tale
71%
[Title], sitting right there Beautiful Stranger
71%
You're my [Title] in the world Best Friend
71%
I know I'm on a [Title] Carousel
71%
We'll never go back to our [Title] Castle In Hollywood
71%
Let me be a [Title] Dreamer
71%
Grew up in a case of [Title] glass Fragile
71%
Lock your dreams at night [Title] It Could Happen To You
71%
[Title] now all at once it's you I've Never Been In Love Before
71%
I get [Title] the moment you're near Misty
71%
I made a [Title] Promise
71%
The [Title]'s I'll be there with you Silver Lining
71%
She looks like [Title] Snow White
71%
[Title], brick by brick Street By Street
71%
[Title], my boy Tough Luck
71%
Walking in a [Title] Winter Wonderland
71%
So this Christmas [Title] at all Ain't Christmas
57%
I'm [Title], [Title] of this love Bored
57%
But like [Title] Clockwork
57%
Shame I would've [Title] Dance With You Tonight
57%
[Title] Do you think of me? Dear Soulmate
57%
Are these songs just telling plan old lies? 'cause [Title] Everything I Know About Love
57%
I want to say [Title] To you Hi
57%
that's just [Title] How I Get
57%
[Title] I won't think about you when I die I'll Forget About You (In Time)
57%
My name is [Title] James
57%
And [Title], I tend to fall in love too easily Just Like Chet
57%
God, I'm so [Title] Lovesick
57%
You'll be here, so [Title] Lucky For Me
57%
Keeping on the [Title] Night Light
57%
I'm tellin' you why [Title] Santa Claus Is Comin' To Town
57%
[Title] having you to walk with Seems Like Old Times
57%
And all that I see is [Title] Serendipity
57%
[Title], give me just a moment Slow Down
57%
'Cause [Title starts] way [Title continues] Too Little, Too Late
57%
I know I sound stupid, I do that's [Title] What Love Will Do To You
57%
It was [Title] A Night To Remember
43%
It's a good thing or it's bad [Title] But Beautiful
43%
To leave [Title] California And Me
43%
I'm doing my [Title] Christmas Dreaming
43%
[Title] I die a little Every time We Say Goodbye
43%
Accept my hapless fate [Title] I Wait, I Wait, I Wait
43%
Then, of course I'd [Title] Let You Break My Heart Again
43%
too tongue-tied, it [Title] Must Be Love
43%
I was your [Title] Second Best
43%
I wonder if I'll ever find [Title] Someone New
43%
Who knows [Title]? Where Or When
43%
[Title], I fell in love While You Were Sleeping
43%
Let me tell you, 'bout [Title] Christmas Magic
29%
[Title] with no room to land Love Flew Away
29%
'Cause I got my [Title] Love To Keep Me Warm
29%
Oh no, its just [Title] The Nearness Of You
29%
But I'll take [Title] The Risk
29%
I had a [Title] Valentine
29%
These are my [Title] Questions For Universe
14%
No matching quizzes found
Score Distribution
Percent of People with Each Score
Percentile by Number Answered
Your Score History
You have not taken this quiz